Southville International School and Colleges
Your cart is empty.
  • Cart
  • Lists
    Public lists Eva Luna New books Lux_list list_1
    Your lists Log in to create your own lists
  • Log in to your account
  • Your cookies
  • Search history
Southville International School and Colleges
  • Advanced search
  • Recent comments
  • Most popular
  • Libraries

Log in to your account

Log in with GOOGLE


If you do not have an external account, but do have a local account, you can still log in:

  1. Home
  2. MARC view: Pinoy dressing :
Normal view MARC view ISBD view

Pinoy dressing : (Record no. 345325)

[ view plain ]
MARC details
000 -LEADER
fixed length control field 00715nam a2200301Ia 4500
008 - FIXED-LENGTH DATA ELEMENTS--GENERAL INFORMATION
fixed length control field 171120s9999 xx 000 0 und d
020 ## - INTERNATIONAL STANDARD BOOK NUMBER
International Standard Book Number 9.7897127183e+012
050 ## - LIBRARY OF CONGRESS CALL NUMBER
Classification number 391
050 ## - LIBRARY OF CONGRESS CALL NUMBER
Item number R175 2007
100 ## - MAIN ENTRY--PERSONAL NAME
Personal name Ramos, Barge
245 ## - TITLE STATEMENT
Title Pinoy dressing :
245 ## - TITLE STATEMENT
Remainder of title weaving culture into fashion /
245 ## - TITLE STATEMENT
Statement of responsibility, etc by Barge Ramos.
260 ## - PUBLICATION, DISTRIBUTION, ETC. (IMPRINT)
Place of publication, distribution, etc Philippines :
260 ## - PUBLICATION, DISTRIBUTION, ETC. (IMPRINT)
Name of publisher, distributor, etc Anvil,
260 ## - PUBLICATION, DISTRIBUTION, ETC. (IMPRINT)
Date of publication, distribution, etc 2007
300 ## - PHYSICAL DESCRIPTION
Extent 231 pages :
300 ## - PHYSICAL DESCRIPTION
Other physical details illustrations ;
300 ## - PHYSICAL DESCRIPTION
Dimensions 31cm.
650 ## - SUBJECT ADDED ENTRY--TOPICAL TERM
Topical term or geographic name as entry element Clothing and dress --
650 ## - SUBJECT ADDED ENTRY--TOPICAL TERM
Topical term or geographic name as entry element Fashion --
650 ## - SUBJECT ADDED ENTRY--TOPICAL TERM
Topical term or geographic name as entry element Weaving --
650 ## - SUBJECT ADDED ENTRY--TOPICAL TERM
General subdivision Philippines.
650 ## - SUBJECT ADDED ENTRY--TOPICAL TERM
General subdivision Philippines.
650 ## - SUBJECT ADDED ENTRY--TOPICAL TERM
General subdivision Philippines.
700 ## - ADDED ENTRY--PERSONAL NAME
Personal name Loretto.
700 ## - ADDED ENTRY--PERSONAL NAME
Personal name Title.
Holdings
Withdrawn status Lost status Damaged status Home library Current library Date acquired Total Checkouts Full call number Barcode Date last seen Price effective from Koha item type
      Stonyhurst Southville International School (Malarayat) Stonyhurst Southville International School (Malarayat) 11/20/2017   FIL 391 R175 2007 SSISM4369 11/20/2017 11/20/2017 Books

Pinoy dressing :

APA

Ramos B., Loretto & Title.Pinoy dressing. Philippines: .

Chicago

Ramos Barge, Loretto and Title.Pinoy dressing. Philippines: .

Harvard

Ramos B., Loretto and Title.Pinoy dressing. Philippines: .

MLA

Ramos Barge, Loretto and Title.Philippines: . .

  • Place hold
  • Print
  • Cite
  • Add to your cart (remove)
  • Save record
    BIBTEX Dublin Core MARCXML MARC (non-Unicode/MARC-8) MARC (Unicode/UTF-8) MARC (Unicode/UTF-8, Standard) MODS (XML) RIS
  • More searches
    Search for this title in:
    Other Libraries (WorldCat) Other Databases (Google Scholar) Online Stores (Bookfinder.com) Open Library (openlibrary.org)

Exporting to Dublin Core...

SOUTHVILLE LIBRARY

Southville International School and Colleges Library

1281 Tropical Ave. Cor. Luxembourg St., BF Homes International, Las Pinas City

Tel. No. 8256374 / 252358 Loc. 117/146

Powered by Koha